|
|
|
|
| LEADER |
01006nam a2200265 a 4500 |
| 001 |
13457588 |
| 008 |
101011m20092005maua b 001 0 eng d |
| 010 |
|
|
|a 2004044284
|
| 020 |
|
|
|a 9788177588781
|
| 020 |
|
|
|a 0321227352
|
| 040 |
|
|
|a DLC
|c DLC
|d DLC
|d BD-DhAAL
|
| 082 |
0 |
0 |
|a 004.67/8
|2 22
|
| 100 |
1 |
|
|a Kurose, James F.
|
| 245 |
1 |
0 |
|a Computer networking :
|b a top-down approach featuring the Internet /
|c James F. Kurose, Keith W. Ross.
|
| 250 |
|
|
|a 3rd ed.
|
| 260 |
|
|
|a Boston ;
|a New Delhi :
|b Pearson/Addison Wesley,
|c c2005 [impression 2009].
|
| 300 |
|
|
|a 813 p. :
|b ill. ;
|c 24 cm.
|
| 504 |
|
|
|a Includes bibliographical references and index.
|
| 541 |
1 |
|
|e 00021165
|
| 650 |
|
0 |
|a Internet.
|
| 650 |
|
0 |
|a Computer networks.
|
| 700 |
1 |
|
|a Ross, Keith W.,
|d 1956-
|
| 852 |
4 |
|
|a Ayesha Abed Library
|j General Shelf.
|
| 999 |
|
|
|c 9731
|d 9731
|
| 952 |
|
|
|0 0
|1 0
|2 ddc
|4 0
|6 004_678000000000000_KUR_2009
|7 0
|9 12391
|a BRACUL
|b BRACUL
|c GEN
|d 2010-10-11
|l 14
|m 86
|o 004.678 KUR
|p 3010021165
|r 2025-08-13
|s 2025-08-07
|t 1
|w 2010-10-11
|y BK
|